Vista normal
Vista MARC
Entrada Personal Name
Número de registros utilizados en: 1
001 - CONTROL NUMBER
- control field: 17148
003 - CONTROL NUMBER IDENTIFIER
- control field: DLC
005 - DATE AND TIME OF LATEST TRANSACTION
- control field: 20250605085312.0
008 - FIXED-LENGTH DATA ELEMENTS
- fixed length control field: 820126n| azannaabn |n aaa
010 ## - LIBRARY OF CONGRESS CONTROL NUMBER
- LC control number: n 81139686
024 7# - OTHER STANDARD IDENTIFIER
- Standard number or code: 0000000109191403
- Source of number or code: isni
035 ## - SYSTEM CONTROL NUMBER
- System control number: (OCoLC)oca00684504
040 ## - CATALOGING SOURCE
- Original cataloging agency: DLC
- Language of cataloging: spa
- Description conventions: rda
- Transcribing agency: Mx-PuUPA
- Modifying agency: OCoLC
- Modifying agency: DLC
- Modifying agency: NL-TiUL
- Modifying agency: Mx-PuUPA
046 ## - SPECIAL CODED DATES
- Birth date: 19340503
- Source of date scheme: edtf
100 1# - HEADING--PERSONAL NAME
- Personal name: Sokolowski, Robert,
- Dates associated with a name: 1934-
370 ## - ASSOCIATED PLACE
- Place of birth: Nueva Bretaña (Connecticut)
- Source of term: naf
373 ## - ASSOCIATED GROUP
- Associated group: Universidad Católica de América
- Source of term: naf
374 ## - OCCUPATION
- Occupation: Sacerdote
- Occupation: Filósofo
- Occupation: Profesor de filosofia
- Occupation: Autor
- Source of term: lcsh
375 ## - GENDER
- Gender: hombre
377 ## - ASSOCIATED LANGUAGE
- Language code: eng
670 ## - SOURCE DATA FOUND
- Source citation: The formation of Husserl's concept of constitution, 1964:
- Information found: t.p. (Robert Sokolowski)
670 ## - SOURCE DATA FOUND
- Source citation: The God of faith and reason, c1982:
- Information found: CIP galley (b. 5/3/34)
670 ## - SOURCE DATA FOUND
- Source citation: Ethics and theological disclosures, c2003:
- Information found: t.p. (the thought of Robert Sokolowski)
670 ## - SOURCE DATA FOUND
- Source citation: Information from 678 converted Jan. 5, 2015
- Information found: (teaches at Catholic University of America)
670 ## - SOURCE DATA FOUND
- Source citation: Wikipedia, viewed May 9, 2023
- Information found: (Monsignor Robert Sokolowski (born May 3, 1934 in New Britain, Connecticut; philosopher and Roman Catholic priest who serves as the Elizabeth Breckenridge Caldwell professor of philosophy at The Catholic University of America)
- Uniform Resource Identifier: https://en.wikipedia.org/wiki/Robert_Sokolowski